000 00409nam a2200145Ia 4500
008 230917s9999||||xx |||||||||||||| ||und||
040 _e171270
_aMAIN
041 _aEnglish
082 _a891.43301731 SM64P
100 _aमधुकर सिहँ
245 0 _aपहला पाठ
260 _aदिल्ली
_bवाणी प्रकाशन
_c1979
300 _a205 पृ. p.
942 _cHN
999 _c194920
_d194920